Enemies of timber : (Record no. 5387)

MARC details
000 -LEADER
fixed length control field 00865cam a22002291 4500
001 - CONTROL NUMBER
control field BD-DhSAU 5387
003 - CONTROL NUMBER IDENTIFIER
control field BD-DhSAU
005 - DATE AND TIME OF LATEST TRANSACTION
control field 20150415141634.0
008 - FIXED-LENGTH DATA ELEMENTS--GENERAL INFORMATION
fixed length control field 100728s1925 -ukaf 001 0 eng
040 ## - CATALOGING SOURCE
Original cataloging agency BD-DhSAU
082 ## - DEWEY DECIMAL CLASSIFICATION NUMBER
Edition number 22
Classification number 634.96
Item number BLE
100 1# - MAIN ENTRY--PERSONAL NAME
Personal name Blake, Ernest G.
245 10 - TITLE STATEMENT
Title Enemies of timber :
Remainder of title dry rot and the death-watch beetle, in which the origin and life history of the two worst enemies of timber are given, with a description of the damage they cause, and the methods to be adopted for their extermination /
Statement of responsibility, etc. by Ernest G. Blake.
260 ## - PUBLICATION, DISTRIBUTION, ETC. (IMPRINT)
Place of publication, distribution, etc. London :
Name of publisher, distributor, etc. Chapman & Hall ltd. ,
Date of publication, distribution, etc. c1925.
300 ## - PHYSICAL DESCRIPTION
Extent xvii, 206 p.:
Other physical details ill. ;
Dimensions 22 cm.
504 ## - BIBLIOGRAPHY, ETC. NOTE
Bibliography, etc Includes index
590 ## - Name of Cataloguer
Name of Cataloger IMRAN
650 #0 - SUBJECT ADDED ENTRY--TOPICAL TERM
Topical term or geographic name as entry element Anobium punctatum.
650 #0 - SUBJECT ADDED ENTRY--TOPICAL TERM
Topical term or geographic name as entry element Wood-decaying fungi.
650 #0 - SUBJECT ADDED ENTRY--TOPICAL TERM
Topical term or geographic name as entry element Wood
General subdivision Pests. [from old catalog]
650 #0 - SUBJECT ADDED ENTRY--TOPICAL TERM
Topical term or geographic name as entry element Xestobium rufovillosum.
942 ## - ADDED ENTRY ELEMENTS (KOHA)
Source of classification or shelving scheme Dewey Decimal Classification
Koha item type Book
Holdings
Withdrawn status Lost status Source of classification or shelving scheme Damaged status Not for loan Collection code Home library Branch Name Shelving location Date acquired Total Checkouts Full call number Barcode Date last seen Price effective from Koha item type
    Dewey Decimal Classification   Not For Loan Reference SAU Library SAU Library Reference 26/06/1978   634.96 BLE 590 15/04/2015 15/04/2015 Book
    Dewey Decimal Classification   Not For Loan Reference SAU Library SAU Library Reference 17/07/2015   634.96 BLE 3295 17/07/2015 17/07/2015 Book